000 00459nam a22001817a 4500
003 MPLRDC
005 20220104123500.0
008 210129b ||||| |||| 00| 0 eng d
020 _a7-80013-230-7
082 _a411.12 LZR
100 _a李志如等编著
245 _a气功养生与练功者膳食
_c
250 _a一版一刷
260 _a
_b中医古籍出版社
_c1989
300 _b
650 _a呼吸法--气功
942 _cBK
_o411.12 LZR
999 _c11775
_d11765